00280nam a2200121Ia 45000030006000000080041000060400015000471000017000622450030000792600020001095460012001290050017001410STCL150530s9999 xx 000 0 und d aSTCLcSTCL aBailey, L.h. aPrinciples of agriculture bMacmillanc1920 aEnglish20220125165533.0